Working for yourself: an enterpreneur's guide to the basics. (Record no. 7002)

MARC details
000 -LEADER
fixed length control field 00500nam a2200181 4500
020 ## - INTERNATIONAL STANDARD BOOK NUMBER
ISBN 9780749450588
050 ## - CALL NUMBER
Classification number HD8037.R32
100 ## - AUTHOR
Personal name Reuvid, Jonathan
245 ## - TITLE
Title Working for yourself: an enterpreneur's guide to the basics.
Statement of responsibility, etc by Jonathan Reuvid
250 ## - EDITION
Edition statement 25th ed.
260 ## - PUBLICATION INFORMATION
Place of publication London
Name of publisher Kogan Page
Year of publication 2008
300 ## - DESCRIPTION
Number of Pages 323p.
500 ## - NOTES
General note Includes index
650 ## - SUBJECTS
Topical Term Self-employed
General subdivision Great Britain.
650 ## - SUBJECTS
Topical Term New business enterprises.
650 ## - SUBJECTS
Topical Term Entrepreneurship.
942 ## - ADDED ENTRY ELEMENTS (KOHA)
Koha item type Books
Holdings
Withdrawn status Lost status Home library Current library Shelving location Date acquired Source of acquisition Full call number Accession Number Koha item type
    Methodist University Library Main Methodist University Library Main General Stacks 05/12/2019 EPP HD8037.R32 8290 Books
Copyright © 2026  MUG Library